| Tag |
First Indicator |
Second Indicator |
Subfields |
| LEADER |
00000cam a2200000Ia 4500 |
| 001 |
in00002000573 |
| 005 |
20220105141710.0 |
| 006 |
m d |
| 007 |
cr cnu---unuuu |
| 008 |
040320s2004 nju sb 001 0 eng d |
| 020 |
|
|
|a 0471651230 (electronic bk.)
|
| 035 |
|
|
|a (OCoLC)ocm54774467
|
| 040 |
|
|
|a N$T
|c N$T
|d OCLCQ
|d UtOrBLW
|
| 049 |
|
|
|a IKMN
|
| 050 |
1 |
4 |
|a HD62.45
|b .T7294 2004eb
|
| 082 |
0 |
4 |
|a 658.8/16
|2 22
|
| 245 |
0 |
0 |
|a Transfer pricing methods :
|b an applications guide /
|c [edited by] Robert Feinschreiber.
|
| 264 |
|
1 |
|a Hoboken, N.J. :
|b J. Wiley,
|c [2004]
|
| 264 |
|
4 |
|c ©2004
|
| 300 |
|
|
|a xvi, 320 pages ;
|c 27 cm.
|
| 336 |
|
|
|a text
|b txt
|2 rdacontent
|
| 337 |
|
|
|a computer
|b c
|2 rdamedia
|
| 338 |
|
|
|a online resource
|b cr
|2 rdacarrier
|
| 504 |
|
|
|a Includes bibliographical references and index.
|
| 533 |
|
|
|a Electronic reproduction.
|b Boulder, Colo. :
|c NetLibrary,
|d 2004.
|n Available via World Wide Web.
|n Access may be limited to NetLibrary affiliated libraries.
|
| 500 |
|
|
|a Electronic resource.
|
| 650 |
|
0 |
|a Transfer pricing.
|0 http://id.loc.gov/authorities/subjects/sh85136909
|
| 650 |
|
0 |
|a Intangible property
|x Valuation.
|0 http://id.loc.gov/authorities/subjects/sh2008123898
|
| 650 |
|
0 |
|a International business enterprises
|x Taxation.
|0 http://id.loc.gov/authorities/subjects/sh85067381
|
| 655 |
|
7 |
|a Electronic books.
|2 local
|
| 700 |
1 |
|
|a Feinschreiber, Robert.
|0 http://id.loc.gov/authorities/names/n50001321
|
| 710 |
2 |
|
|a NetLibrary, Inc.
|0 http://id.loc.gov/authorities/names/no99080690
|
| 776 |
1 |
|
|c Original
|z 0471573604
|w (DLC) 2003063153
|w (OCoLC)53252941
|
| 856 |
4 |
1 |
|u https://proxy.library.tamu.edu/login?url=http://www.netLibrary.com/urlapi.asp?action=summary&v=1&bookid=106814
|z Connect to the full text of this electronic book
|t 0
|
| 994 |
|
|
|a 92
|b IKM
|
| 999 |
|
|
|a MARS
|
| 999 |
f |
f |
|s 781dcb94-c4f8-35f3-aa1b-5d75304ef052
|i 487ac894-43fd-3101-86c7-00fae452d76e
|t 0
|
| 952 |
f |
f |
|a Texas A&M University
|b College Station
|c Electronic Resources
|d Available Online
|t 0
|e HD62.45 .T7294 2004eb
|h Library of Congress classification
|
| 998 |
f |
f |
|a HD62.45 .T7294 2004eb
|t 0
|l Available Online
|